000 00184 a2200097 4500
001 8130
090 _c6530
_d6530
100 _aWilde, O
245 _aPlays (Transfer to SOA)
260 _bCollins
942 _aNUST-CAE
999 _c243203
_d243203